00279nam a2200109Ia 4500008004100000100002000041245000900061260000900070300003400079440002400113650003200137180117s9999 xx 000 0 und d aby AA Patawaran aWHWN c2016 a18-20 pages, 2016 February 28 aPhilippine Panorama aWHATEVER CATCHES YOUR FANCY